Evropská unie a Afrika: dlouhodobý prioritní partner Evropské unie
Vzťahy Európskej únie s krajinami Afriky, Karibiku a Tichomoria. Radikálne zmeny vo vzťahoch vychádzajúce z dohody z Cotonou. Stratégia Európskej únie pre Afriku. Hlavné piliere stratégie: mier a bezpečnosť, ľudské práva, rozvojová pomoc, investícia do ľudí, udržateľný ekonomický rast a partnerstvo.
Na minha lista:
| Autor principal: | |
|---|---|
| Formato: | Capítulo de Livro |
| Idioma: | tcheco |
| Assuntos: | |
| Tags: |
Sem tags, seja o primeiro a adicionar uma tag!
|
MARC
| LEADER | 00000naa$a2200000$$$4500 | ||
|---|---|---|---|
| 001 | 0052283 | ||
| 005 | 20231016092442.9 | ||
| 041 | 0 | |a cze | |
| 044 | |a CZ | ||
| 245 | 1 | 0 | |a Evropská unie a Afrika: dlouhodobý prioritní partner Evropské unie |c Blanka Fajkusová |
| 520 | |a Vzťahy Európskej únie s krajinami Afriky, Karibiku a Tichomoria. Radikálne zmeny vo vzťahoch vychádzajúce z dohody z Cotonou. Stratégia Európskej únie pre Afriku. Hlavné piliere stratégie: mier a bezpečnosť, ľudské práva, rozvojová pomoc, investícia do ľudí, udržateľný ekonomický rast a partnerstvo. | ||
| 610 | 2 | 0 | |a Európska únia |
| 610 | 2 | 0 | |a Afrika |
| 610 | 2 | 0 | |a spolupráca medzinárodná |
| 610 | 2 | 0 | |a vzťahy medzinárodné |
| 610 | 2 | 0 | |a dohody medzinárodné |
| 610 | 2 | 0 | |a pomoc rozvojová |
| 610 | 2 | 0 | |a bezpečnosť |
| 610 | 2 | 0 | |a ochrana práv občanov |
| 610 | 2 | 0 | |a rozvoj hospodársky |
| 610 | 2 | 0 | |a partnerstvo strategické |
| 100 | 1 | |a Fajkusová, Blanka | |